Partners and neigbours: a CFSP for wider Europe

Recenzia na publikáciu Partners and neigbours: a CFSP for wider Europe. Kniha je rozčlenená do šiestich kapitol podľa jednotlivých tém, ktoré vytvárajú ucelený rámec problematiky vzťahov s novými susedmi a partnermi na vonkajších hraniciach Európskej únie po jej rozšírení.

Na minha lista:
Detalhes bibliográficos
Autor principal: Tkáč, Richard
Outros Autores: Kováč, Matej
Formato: Capítulo de Livro
Idioma:eslovaco
Assuntos:
Tags: Adicionar Tag
Sem tags, seja o primeiro a adicionar uma tag!

MARC

LEADER 00000naa$a2200000$$$4500
001 0026166
005 20221207105211.7
041 0 |a slo 
044 |a SK 
245 1 0 |a Partners and neigbours: a CFSP for wider Europe  |c Richard Tkáč, Matej Kováč 
520 |a Recenzia na publikáciu Partners and neigbours: a CFSP for wider Europe. Kniha je rozčlenená do šiestich kapitol podľa jednotlivých tém, ktoré vytvárajú ucelený rámec problematiky vzťahov s novými susedmi a partnermi na vonkajších hraniciach Európskej únie po jej rozšírení. 
610 2 0 |a recenzie 
610 2 0 |a Európska únia 
610 2 0 |a krajiny tranzitívne 
610 2 0 |a hranice štátne 
100 1 |a Tkáč, Richard 
700 1 |a Kováč, Matej